Bhagwatgita : The Song Of Supreme (Record no. 23137)

MARC details
000 -LEADER
fixed length control field 00399nam a2200169Ia 4500
008 - FIXED-LENGTH DATA ELEMENTS--GENERAL INFORMATION
fixed length control field 220531s9999 xx 000 0 und d
041 ## - LANGUAGE CODE
Language code of text/sound track or separate title eng
082 ## - DEWEY DECIMAL CLASSIFICATION NUMBER
Item number WAS
100 ## - MAIN ENTRY--PERSONAL NAME
Personal name Waswani, T. L.
9 (RLIN) 38163
245 ## - TITLE STATEMENT
Title Bhagwatgita : The Song Of Supreme
260 ## - PUBLICATION, DISTRIBUTION, ETC. (IMPRINT)
Name of publisher, distributor, etc. Gita
Date of publication, distribution, etc. 1995
300 ## - PHYSICAL DESCRIPTION
Extent 228
542 ## - INFORMATION RELATING TO COPYRIGHT STATUS
Copyright holder 24-11-1997
650 ## - SUBJECT ADDED ENTRY--TOPICAL TERM
Topical term or geographic name as entry element English
9 (RLIN) 38164
906 ## - LOCAL DATA ELEMENT F, LDF (RLIN)
d 1997-1998
Holdings
Withdrawn status Lost status Source of classification or shelving scheme Damaged status Not for loan Home library Current library Date acquired Vendor Cost, normal purchase price Total Checkouts Total Holds Full call number Barcode Date last seen Bill Date Koha item type Original Barcode
    Dewey Decimal Classification     Shri Siddhivinayak Mahila Mahavidyalaya Shri Siddhivinayak Mahila Mahavidyalaya 28/11/1997 N&S 35.00   1 /WAS/B/4121 SSMM-BK-4121 06/08/2022 06/08/2022 Books 010004121